000 00332 a2200121 4500
001 434
082 _a621.3841202 LUD
090 _c54
_d54
100 _aReinhold Ludwig
245 _aRF Circuit design ; theory and applications; solution manual
_hEnglish
260 _aNJ
_bPrentice-Hall inc
_c2000
600 _aPavel Bretchko
942 _aNUST-CAE
_k621.3841202 LUD
999 _c235507
_d235507